Indovina gli stati dai suggerimenti: Geografia e sport - Statistics

Statistiche generali
  • Questo quiz è stato fatto 193 volte
    183 dall'ultimo reset
  • Il punteggio medio è 8 su 9
Statistiche sulle risposte
Suggerimenti Risposte % Corretto
Questo stato si trova nel Centro America. Qui è nato Usain Bolt. Giamaica
97%
Questo stato è un microstato.Qui è nato Charles Leclerc Monaco
96%
Si trova nel sud America ( No argentina e Brasile) Qui sono nati alcuni calciatori famosi Uruguay
94%
Questo stato è bagnato dall'oceano pacifico. Ha probabilmente la nazionale di basket più forte al mondo. Stati Uniti
92%
Questo stato si trova nell' Africa meridionale. Ha una delle squadre di rugby più forti del mondo. Sudafrica
89%
Questo stato europeo è più piccolo dell'Italia.Qui si corre una gara ciclistica chiamata "il giro delle fiandre" Belgio
84%
Alcuni lo considerano in Europa ed altri in Asia. Nel circuito cittadino della sua capitale corre la formula uno. Azerbaijan
78%
Si trova nelle centro dell' africa. Qui sono nati molti corridori specializzati nella resistenza e nella maratona Etiopia
71%
Questo stato si trova nell'asia orientale. Lo sport nazionale è il tiro con l'arco. Corea del Sud
58%
Nessun quiz corrispondente trovato
Distribuzione punteggi
Percentuale di utenti per punteggio
Percentile per numero di risposta
I tuoi punteggi nel tempo
Non hai fatto questo quiz dall'ultimo reset